000 00922nam a2200301Ia 4500
001 17732
003 IT-RoPAU
008 130308s9999 xx 000 0 und d
040 _aIT-RoPAU
040 _cIT-RoPAU
041 _aFRANCESE
100 _aChomsky Noam
100 _gCodice Aut. SPICS: 8057
245 2 _aA propos des structure s cognitives et de leur developpement: une reponse a Piaget
245 _bTheories Du Langage-Theories de L'Apprentissage
250 _a1a ed.
260 _aPARIS
260 _bSeuil
260 _c1982 [1° Ed.:1982 - Ed.Ling.Originale:1975]
300 _a"23 p. (prefazione: no ; testo: 23 [pagine: 65-87])"
500 _aStrutture conoscitive e Loro Sviluppo Dipendenza Strutturale Dalle regole Linguistiche Soggetto Specificato
650 _aSEMIOLOGIA
650 _eCodice materia Spics: 3251
942 _cBK
957 _71
999 _c40480
_d40480
999 _bSI
999 _g1